<?xml version="1.0" encoding="UTF-8"?><?xml-stylesheet type="text/xsl" href="static/style.xsl"?><OAI-PMH xmlns="http://www.openarchives.org/OAI/2.0/" xmlns:xsi="http://www.w3.org/2001/XMLSchema-instance" xsi:schemaLocation="http://www.openarchives.org/OAI/2.0/ http://www.openarchives.org/OAI/2.0/OAI-PMH.xsd"><responseDate>2026-04-17T06:01:18Z</responseDate><request verb="GetRecord" identifier="oai:www.recercat.cat:2117/422665" metadataPrefix="marc">https://recercat.cat/oai/request</request><GetRecord><record><header><identifier>oai:recercat.cat:2117/422665</identifier><datestamp>2026-02-11T01:34:12Z</datestamp><setSpec>com_2072_1033</setSpec><setSpec>col_2072_452949</setSpec></header><metadata><record xmlns="http://www.loc.gov/MARC21/slim" xmlns:dcterms="http://purl.org/dc/terms/" xmlns:xsi="http://www.w3.org/2001/XMLSchema-instance" xmlns:doc="http://www.lyncode.com/xoai" xsi:schemaLocation="http://www.loc.gov/MARC21/slim http://www.loc.gov/standards/marcxml/schema/MARC21slim.xsd">
   <leader>00925njm 22002777a 4500</leader>
   <datafield ind2=" " ind1=" " tag="042">
      <subfield code="a">dc</subfield>
   </datafield>
   <datafield ind2=" " ind1=" " tag="720">
      <subfield code="a">González Giraldo, Luis Fernando</subfield>
      <subfield code="e">author</subfield>
   </datafield>
   <datafield ind2=" " ind1=" " tag="260">
      <subfield code="c">2024-12</subfield>
   </datafield>
   <datafield ind2=" " ind1=" " tag="520">
      <subfield code="a">The urban growth of the city of Yopal, in Casanare (Colombia), is addressed from a quantitative point of view, a model of irregular and excessive territorial occupation for its population of 200,000 inhabitants, since the urban perimeter of 1900 hectares is de facto incorporated (partial plans and legalizations of informal settlements), which, for the most part, without having public services and without being inhabited, They have planning licenses and individual lots, , meanwhile, urbanization pressure on rural and sprawling areas continues. It is proposed that this model, which contradicts the logics of necessity, State and market enunciated by Abramo (2014), can be associated with entrepreneurship, neoliberal urbanism and the speculative secondary market enunciated by Harvey (1998), in a co-opted city that, acting as a growth machine (Logan and Molotch 2015), legally or illegally incorporates land into the speculative market, while the social imaginary validates it in what we call "legitimized illegality".</subfield>
   </datafield>
   <datafield ind2=" " ind1=" " tag="520">
      <subfield code="a">Se aborda desde lo cuantitativo, el crecimiento urbano de la ciudad de Yopal, en Casanare (Colombia), modelo de ocupación territorial irregular y excesivo para su población de 191.133 habitantes aproximadamente, pues al perímetro urbano de 1900 has, se incorporan de facto 3187 has (planes parciales y legalizaciones de asentamientos informales), que, mayoritariamente, sin tener servicios públicos y sin estar habitadas, cuentan con licencias urbanísticas y loteos individuales, entre tanto continúa la presión urbanizadora sobre las zonas rural y de expansión. Se plantea que este modelo, que contradice las lógicas de necesidad, Estado y mercado que enunciara Abramo (2014), puede asociarse con el empresarialismo, el urbanismo neoliberal y el mercado secundario especulativo que enunciara Harvey (1998), en una ciudad cooptada que, actuando como maquina de crecimiento (Logan y Molotch 2015), incorpora legal o ilegalmente tierras al mercado especulativo, mientras el imaginario social lo valida en lo que llamamos “ilegalidad legitimada”.</subfield>
   </datafield>
   <datafield ind2=" " ind1=" " tag="520">
      <subfield code="a">Peer Reviewed</subfield>
   </datafield>
   <datafield tag="653" ind2=" " ind1=" ">
      <subfield code="a">Àrees temàtiques de la UPC::Urbanisme::Planejament urbà</subfield>
   </datafield>
   <datafield tag="653" ind2=" " ind1=" ">
      <subfield code="a">Àrees temàtiques de la UPC::Urbanisme::Aspectes econòmics</subfield>
   </datafield>
   <datafield tag="653" ind2=" " ind1=" ">
      <subfield code="a">Real estate development -- Colombia -- Yopal -- Social aspects</subfield>
   </datafield>
   <datafield tag="653" ind2=" " ind1=" ">
      <subfield code="a">City planning -- Colombia -- Yopal -- Economic aspects</subfield>
   </datafield>
   <datafield tag="653" ind2=" " ind1=" ">
      <subfield code="a">Land speculation</subfield>
   </datafield>
   <datafield tag="653" ind2=" " ind1=" ">
      <subfield code="a">Informalidad urbana</subfield>
   </datafield>
   <datafield tag="653" ind2=" " ind1=" ">
      <subfield code="a">Especulacion inmobiliaria</subfield>
   </datafield>
   <datafield tag="653" ind2=" " ind1=" ">
      <subfield code="a">Economía urbana</subfield>
   </datafield>
   <datafield tag="653" ind2=" " ind1=" ">
      <subfield code="a">Yopal</subfield>
   </datafield>
   <datafield tag="653" ind2=" " ind1=" ">
      <subfield code="a">Urban informality</subfield>
   </datafield>
   <datafield tag="653" ind2=" " ind1=" ">
      <subfield code="a">Real estate speculation</subfield>
   </datafield>
   <datafield tag="653" ind2=" " ind1=" ">
      <subfield code="a">Urban economy</subfield>
   </datafield>
   <datafield tag="653" ind2=" " ind1=" ">
      <subfield code="a">Yopal</subfield>
   </datafield>
   <datafield tag="653" ind2=" " ind1=" ">
      <subfield code="a">Promoció immobiliària -- Colòmbia -- Yopal -- Aspectes socials</subfield>
   </datafield>
   <datafield tag="653" ind2=" " ind1=" ">
      <subfield code="a">Urbanisme -- Colòmbia -- Yopal -- Aspectes econòmics</subfield>
   </datafield>
   <datafield tag="653" ind2=" " ind1=" ">
      <subfield code="a">Especulació immobiliària</subfield>
   </datafield>
   <datafield ind2="0" ind1="0" tag="245">
      <subfield code="a">Mercado y juegos de poder en la urbanización de Yopal: la ciudad extendida y no ocupada</subfield>
   </datafield>
   <datafield ind2="0" ind1="0" tag="245">
      <subfield code="a">Market and power games in the urbanization of Yopal: the extended and unoccupied city</subfield>
   </datafield>
</record></metadata></record></GetRecord></OAI-PMH>